00836nam a2200193 a 450000100100000000500170001000800410002704000250006824501200009326000400021330000210025349000300027453400620030470000350036683000370040104900090043895201780044799900170062500003580020200930074625.0111114s1978 mx 000 0 spa d aDO-SdBNPbspacBNPHU10aPatriarcado capitalista y feminismo socialista /ccompilado Zillah Ruth Eisenstein; traducción Sara Sefchovich ;. aMéxico :bSiglo Veintiuno,c1978. a313 p. ;c23 cm.1 aSociología y política aCapitalist patriarchy and the case for socialist feminisn12aEisenstein, Zillah Tuth961751 0aSociología y política917789 aBNPD 001050718MOaGRbGRcCTd2011-11-14iLF1l0o p35800-10r2020-06-25w2020-06-25y1zPerteneció a la biblioteca personal de Juan Isidro Jimenes Grullón.ZNo se presta c35291d35291